| 000 | 02420nam0a2200373 i 4500 | ||
|---|---|---|---|
| 001 | RU\NLR\bibl\2053993 | ||
| 005 | 20260408012039.0 | ||
| 010 |
_a9785876236784 _9100 |
||
| 021 |
_aRU _b2013-47663 _93306 |
||
| 035 | _a(nilc)RuMoRGB-006597579 | ||
| 035 | _a(NLR Aleph) 002070444 | ||
| 090 |
_a4749835 _c4749835 |
||
| 100 | _a20130624d2013 u y0rusy50 ca | ||
| 101 | 0 | _arus | |
| 102 | _aRU | ||
| 105 | _aa ||||||||| | ||
| 200 | 1 |
_aМатериаловедение _eсплавы Fe-C _eсборник задач _eучебное пособие для студентов высших учебных заведений, обучающихся по направлению Металлургия _f[Р.И. Малинина, Е.А. Шуваева, О.А. Ушакова и др.] _gМ-во образования и науки РФ, Федер. гос. автоном. образоват. учреждение высш. проф. образования "Нац. исслед. технол. ун-т "МИСиС" |
|
| 210 |
_aМосква _cИздательский дом МИСИС _d2013 |
||
| 215 |
_a67 с. _cил. _d21 |
||
| 320 | _aБиблиогр.: с. 67 | ||
| 606 | 1 |
_aЖелезоуглеродистые сплавы _jУчебные издания для высших учебных заведений _xСтруктура _xЗадачи _xРешение _92162358 _3RU\NLR\auth\661605850 |
|
| 606 | 1 |
_aЖелезоуглеродистые сплавы _jУчебные издания для высших учебных заведений _xДиаграммы состояния _xЗадачи _xРешение _92162357 _3RU\NLR\auth\661605849 |
|
| 686 | _aК222.04я73-41 | ||
| 701 | 1 |
_aМалинина _bР. И. _gРаиса Ивановна _4070 |
|
| 701 | 1 |
_aШуваева _bЕ. А. _gЕвгения Александровна _4070 |
|
| 701 | 1 |
_aУшакова _bО. А. _gОльга Анатольевна _4070 |
|
| 712 | 0 | 2 |
_4570 _a"МИСиС", национальный исследовательский технологический университет _cМосква _bКафедра физического материаловедения _3RU\NLR\AUTH\8810174110 _9844289 |
| 801 | 0 |
_aRU _bRuMoRKP _c20130624 _gRCR |
|
| 801 | 2 |
_aRU _bРГБ _c20130628 |
|
| 801 | 1 |
_aRU _bRuMoRKP _c20130624 _2rusmarc |
|
| 801 | 2 |
_aRU _bNLR _c20130715 _grcr |
|
| 942 | _cBOOK | ||
| 980 | _aNBR | ||